[Event "34th Chess Olympiad (men)"]
[Site "Istanbul"]
[Date "2000.11.06"]
[Round "9.43.4"]
[White "Waqar, Mohamed"]
[Black "Facusse-Handal, Davin"]
[WhiteElo "2208"]
[BlackElo "2000"]
[WhiteCountry "PAK"]
[BlackCountry "HON"]
[Result "1-0"]

1. e4 d6 2. d4 Nf6 3. Nc3 g6 4. f3 Bg7 5. Be3 O-O 6. Qd2 e5 7. Nge2 exd4 
8. Nxd4 Nc6 9. O-O-O Nxd4 10. Bxd4 Be6 11. g4 b5 12. g5 Nh5 13. Bxg7 Nxg7 
14. Bxb5 Rb8 15. Bc6 Rb6 16. Bd5 Qe7 17. h4 Rfb8 18. f4 c6 19. Bxe6 Nxe6 
20. f5 Nd8 21. Qxd6 Qxd6 22. Rxd6 Rxb2 23. Rxd8+ Rxd8 24. Kxb2 gxf5 
25. exf5 Kg7 26. h5 h6 27. g6 fxg6 28. fxg6 Rf8 29. Rd1 Rf5 30. Rd7+ Kg8 
31. Ne4 Rb5+ 32. Kc3 Rf5 33. Rxa7 
1-0

[Event "34th Chess Olympiad (men)"]
[Site "Istanbul"]
[Date "2000.11.06"]
[Round "9.44.1"]
[White "Bamualem, Abdullah"]
[Black "Erdogdu, Mert"]
[WhiteElo "2000"]
[BlackElo "2286"]
[WhiteCountry "YEM"]
[BlackCountry "TURB"]
[Result "0-1"]

1. c4 Nf6 2. Nc3 g6 3. d4 d5 4. cxd5 Nxd5 5. e4 Nxc3 6. bxc3 Bg7 7. e5 O-O 
8. Nf3 c5 9. h3 Nc6 10. Be2 cxd4 11. cxd4 Be6 12. O-O Qd7 13. Qa4 Nxe5 
14. Qxd7 Nxd7 15. Ba3 Rfe8 16. Rfd1 Bd5 17. Rd2 Rac8 18. Ne1 a6 19. Bf3 Nf6 
20. Bc5 Bxf3 21. Nxf3 Ne4 22. Rb1 Nxd2 23. Nxd2 b5 24. Re1 e5 25. Nf3 exd4 
26. Rxe8+ Rxe8 27. Bxd4 Bxd4 28. Nxd4 Re1+ 29. Kh2 Ra1 
0-1

[Event "34th Chess Olympiad (men)"]
[Site "Istanbul"]
[Date "2000.11.06"]
[Round "9.44.2"]
[White "Ipek, Ali"]
[Black "Faraj, Yahya"]
[WhiteElo "2241"]
[BlackElo "2265"]
[WhiteCountry "TURB"]
[BlackCountry "YEM"]
[Result "0-1"]

1. e4 d6 2. d4 Nf6 3. Bd3 e5 4. c3 Be7 5. Nf3 Nbd7 6. O-O O-O 7. Nbd2 Re8 
8. Re1 c6 9. Nf1 Qc7 10. Ng3 Nf8 11. h3 Ng6 12. Nh2 d5 13. dxe5 Nxe5 
14. Bf4 Bd6 15. exd5 Nxd5 16. Bxe5 Rxe5 17. Nf3 Rxe1+ 18. Qxe1 Bd7 19. Ne4 Re8 
20. Qb1 Bf8 21. Qc2 Qf4 22. Nd4 c5 23. Ne2 Qh4 24. N4g3 g6 25. Be4 Bc6 
26. Bf3 Qg5 27. Rd1 h5 28. Qb3 Nb6 29. Bxc6 bxc6 30. Qc2 h4 31. Nf1 Qe5 
32. Nc1 c4 33. b3 Bg7 34. bxc4 Nxc4 35. Nd3 Qf5 36. Qa4 Qb5 37. Qxa7 Bxc3 
38. Qd7 Re4 39. Nc1 Nb2 40. Qc8+ Kg7 41. Rd8 Qxf1+ 
0-1

[Event "34th Chess Olympiad (men)"]
[Site "Istanbul"]
[Date "2000.11.06"]
[Round "9.44.3"]
[White "Al, Hadarani Hatim"]
[Black "Erdogan, Hakan"]
[WhiteElo "2374"]
[BlackElo "2217"]
[WhiteCountry "YEM"]
[BlackCountry "TURB"]
[Result "0-1"]

1. e4 c5 2. Nf3 d6 3. d4 cxd4 4. Nxd4 Nf6 5. Nc3 g6 6. h3 Bg7 7. Be3 Nc6 
8. Qd2 O-O 9. Nb3 a5 10. a4 Be6 11. Nd4 d5 12. exd5 Bxd5 13. Ndb5 Nb4 14. f3 e5 
15. O-O-O Qe7 16. Bb6 Rfc8 17. Kb1 Be6 18. Na7 Rxc3 19. Qxc3 Bf5 20. Bc5 Qe8 
21. Bb5 Qb8 22. Bxb4 axb4 23. Qxb4 Qxa7 24. Qd6 Rc8 25. Rd2 e4 26. g4 e3 
27. Re2 Be6 28. Rd1 Ne8 29. Qf4 Nc7 30. Bd7 Qb6 31. c4 Qb3 32. Rd6 Bxc4 
33. Qxe3 Qa2+ 34. Kc1 Nd5 35. Rxd5 Bxe2+ 36. Kd2 Qxd5+ 
0-1

[Event "34th Chess Olympiad (men)"]
[Site "Istanbul"]
[Date "2000.11.06"]
[Round "9.44.4"]
[White "Sayber, Zeki"]
[Black "Al Badani, Abdo"]
[WhiteElo "2204"]
[BlackElo "2000"]
[WhiteCountry "TURB"]
[BlackCountry "YEM"]
[Result "1-0"]

1. e4 e5 2. Nf3 Nf6 3. Nc3 Nc6 4. d4 exd4 5. Nxd4 Bc5 6. Be3 Nxd4 7. Bxd4 Qe7 
8. Bxc5 Qxc5 9. Bd3 d6 10. O-O Bg4 11. Qd2 O-O-O 12. b4 Qh5 13. Qe3 Kb8 
14. Nb5 b6 15. a4 Bd7 16. Nd4 Ng4 17. Qg3 Qe5 18. c3 Qxg3 19. hxg3 Ne5 
20. Be2 Rde8 21. b5 c5 22. bxc6 Nxc6 23. Bd3 Na5 24. Rfd1 Rc8 25. Bb5 Rhd8 
26. Bxd7 Rxd7 27. Nf5 Rxc3 28. Rxd6 Rxd6 29. Nxd6 Rc7 30. e5 Nc4 31. Nb5 Rc5 
32. f4 Rd5 33. Rc1 a6 34. Nc3 Rd4 35. Ne2 Rd2 36. Rxc4 Rxe2 37. Kf1 Rd2 
38. Re4 Kc7 39. f5 Kd7 40. g4 b5 41. g5 Kc6 42. g4 Kd7 43. Ke1 Rc2 44. Rd4+ Kc7 
45. f6 gxf6 46. e6 fxe6 47. gxf6 Rc1+ 48. Ke2 Rc2+ 49. Ke3 e5 50. Rd5 Rc1 
51. Ke4 Rf1 52. Kxe5 bxa4 53. Ra5 Kd7 54. Rxa4 Ke8 55. Rxa6 Kf7 56. Ra7+ Kg8 
57. Rg7+ Kh8 58. g5 Rf2 59. Re7 Kg8 60. Rg7+ Kh8 61. Ke6 Re2+ 62. Kf7 h5 63. g6 
1-0

[Event "34th Chess Olympiad (men)"]
[Site "Istanbul"]
[Date "2000.11.06"]
[Round "9.45.1"]
[White "Simutowe, Amon"]
[Black "Sosa, Luis"]
[WhiteElo "2322"]
[BlackElo "2166"]
[WhiteCountry "ZAM"]
[BlackCountry "PUR"]
[Result "1-0"]

1. Nf3 d6 2. d4 Bg4 3. g3 Bxf3 4. exf3 c6 5. f4 Nf6 6. Bg2 e6 7. O-O Be7 
8. Re1 d5 9. Nd2 O-O 10. g4 c5 11. g5 Nfd7 12. Qg4 cxd4 13. Nf3 Nc6 14. h4 Bc5 
15. a3 a5 16. Bf1 Re8 17. Bd3 Bf8 18. h5 g6 19. hxg6 hxg6 20. Nh4 Bg7 
21. Nxg6 fxg6 22. Bxg6 Re7 23. Bd2 Nf8 24. Bd3 Rf7 25. Kg2 Ne7 26. Rh1 Nf5 
27. Rh5 Qd7 28. Rah1 e5 29. Qh3 Ng6 30. fxe5 Bxe5 31. f3 Raf8 32. a4 Ne3+ 
33. Bxe3 Qxh3+ 34. R5xh3 dxe3 35. Bxg6 Re7 36. c3 d4 37. Bd3 Rc8 38. f4 Bg7 
39. f5 Rc5 40. Rg3 dxc3 41. f6 Rd7 42. Bh7+ Kf7 43. fxg7 Kxg7 44. bxc3 Rxc3 
45. Be4 Rd4 46. Bxb7 Rxa4 47. Re1 Rb4 48. Ba6 Rb6 49. Be2 a4 50. Rd1 a3 
51. Rd7+ Kg6 52. Kf3 a2 53. Ra7 Rb2 54. Ra6+ Kg7 55. g6 Rc7 56. Rh3 a1=Q 
57. Rxa1 Kxg6 58. Ra6+ Kg7 59. Bd3 Rf2+ 60. Kxe3 Rff7 61. Rg6+ Kf8 62. Rh8+ Ke7 
63. Bb5 Rf8 64. Rhh6 Kd8 65. Rd6+ Ke7 66. Rb6 Rf7 67. Kd4 Kf8 68. Rhg6 Rh7 
69. Bc6 Ke7 70. Bf3 Ra7 71. Rbe6+ Kd7 72. Kc5 Kc7 73. Rc6+ Kd7 74. Kb6 Ke8 
75. Rg8+ 
1-0

[Event "34th Chess Olympiad (men)"]
[Site "Istanbul"]
[Date "2000.11.06"]
[Round "9.45.2"]
[White "Santa, Torres Juan"]
[Black "Lungu, Nase"]
[WhiteElo "2226"]
[BlackElo "2200"]
[WhiteCountry "PUR"]
[BlackCountry "ZAM"]
[Result "0-1"]

1. d4 d5 2. c4 dxc4 3. Nf3 Nf6 4. Qa4+ c6 5. Qxc4 e6 6. e3 Be7 7. Bd3 O-O 
8. O-O b6 9. Qc2 Bb7 10. Rd1 Qc8 11. e4 Na6 12. a3 h6 13. b4 c5 14. b5 Nb8 
15. e5 Nd5 16. Qe2 Nd7 17. Qe4 f5 18. exf6 N7xf6 19. Qg6 Qe8 20. Qxe8 Raxe8 
21. Ne5 Bd6 22. Nc4 Bc7 23. dxc5 Ng4 24. Nd6 Bxd6 25. cxd6 Nxf2 26. Rd2 Nxd3 
27. Rxd3 Rd8 28. Bd2 Rxd6 29. Nc3 Nxc3 30. Rxd6 Ne2+ 31. Kh1 Rf2 32. Rg1 Nxg1 
33. Kxg1 Rxg2+ 34. Kf1 Rxh2 35. Bc3 Rc2 36. Be5 Rc5 37. Rxe6 Kf7 
0-1

[Event "34th Chess Olympiad (men)"]
[Site "Istanbul"]
[Date "2000.11.06"]
[Round "9.45.3"]
[White "Chumfwa, Stanley"]
[Black "Santa, Luis A"]
[WhiteElo "2200"]
[BlackElo "2201"]
[WhiteCountry "ZAM"]
[BlackCountry "PUR"]
[Result "1-0"]

1. Nf3 Nf6 2. c4 g6 3. d4 Bg7 4. Nc3 O-O 5. e4 d6 6. Be2 e5 7. O-O Nc6 
8. d5 Ne7 9. Ne1 Nd7 10. Nd3 f5 11. Bd2 Nf6 12. f3 f4 13. c5 g5 14. cxd6 cxd6 
15. Nf2 h5 16. h3 Ng6 17. Qc2 Rf7 18. Rfc1 Nh4 19. Nb5 Ne8 20. Qd1 Bf8 
21. a4 Rg7 22. Rc3 a6 23. Na3 Nf6 24. Be1 g4 25. fxg4 hxg4 26. hxg4 Nh5 
27. Rh3 Ng3 28. Bf3 Be7 29. Nc4 Rb8 30. Qb3 Rh7 31. Ba5 b6 32. Bxb6 Nxf3+ 
33. gxf3 Rxh3 34. Nxh3 Qf8 35. Qd3 Qh6 36. Kg2 Bd7 37. Bf2 Qh4 38. b3 Kg7 
39. Rh1 Rh8 40. Nb6 Bc8 41. Nxc8 Rxc8 42. Rh2 Qf6 43. Nxf4 Qxf4 44. Be3 Rc2+ 
45. Qxc2 Qxe3 46. Kxg3 Qg1+ 47. Qg2 Qe1+ 48. Qf2 Qc1 49. Qd2 Qg1+ 50. Rg2 Qh1 
51. g5 Bd8 52. Qe3 Ba5 53. Rg1 Qh5 54. Kg2 
1-0

[Event "34th Chess Olympiad (men)"]
[Site "Istanbul"]
[Date "2000.11.06"]
[Round "9.45.4"]
[White "Montalvo, Alejandro"]
[Black "Phiri, Payani"]
[WhiteElo "2222"]
[BlackElo "2114"]
[WhiteCountry "PUR"]
[BlackCountry "ZAM"]
[Result "1/2-1/2"]

1. d4 Nf6 2. c4 e6 3. Nc3 Bb4 4. f3 Bxc3+ 5. bxc3 d5 6. e3 O-O 7. Bd3 c5 
8. cxd5 Nxd5 9. Ne2 Qh4+ 10. g3 Qf6 11. O-O cxd4 12. cxd4 Nc6 13. e4 Nxd4 
14. exd5 Nxe2+ 15. Qxe2 Qxa1 16. Bb2 Qxa2 17. Qe4 g6 18. Bf6 Qxd5 19. Qe3 Re8 
20. Rc1 Qd6 21. Qh6 Qf8 22. Qh4 e5 23. Rc7 h6 24. Bb5 Re6 25. Bc4 g5 
26. Bxg5 hxg5 27. Qxg5+ Qg7 28. Qd8+ Qf8 29. Qg5+ Qg7 30. Qd8+ 
1/2-1/2

[Event "34th Chess Olympiad (men)"]
[Site "Istanbul"]
[Date "2000.11.06"]
[Round "9.46.1"]
[White "Mauwa, Tedmore"]
[Black "Kotronias, Vasilios"]
[WhiteElo "2190"]
[BlackElo "2539"]
[WhiteCountry "ZIM"]
[BlackCountry "CYP"]
[Result "0-1"]

1. e4 Nf6 2. e5 Nd5 3. d4 d6 4. c4 Nb6 5. f4 Bf5 6. Nc3 e6 7. Nf3 Be7 
8. Be2 O-O 9. O-O Na6 10. exd6 cxd6 11. b3 Nb4 12. Bb2 d5 13. Qd2 dxc4 
14. bxc4 Rc8 15. c5 N6d5 16. a3 Nc6 17. Nxd5 Qxd5 18. Rac1 Rfd8 19. Bc4 Qd7 
20. Bb5 Qc7 21. Qe3 Qa5 22. Bxc6 bxc6 23. Ne5 Qb5 24. Rf2 h5 25. a4 Qa6 
26. g4 hxg4 27. Rg2 Rb8 28. Bc3 Rb3 29. a5 Bf6 30. Qe2 Qc8 31. Qc4 Bxe5 
32. fxe5 Qb8 33. Re2 Rd7 34. Qa6 Rc7 35. Kf2 Qd8 36. Qc4 Qh4+ 37. Kg1 Rcb7 
38. Be1 Qg5 39. Bd2 Qg6 40. Re3 Rxe3 41. Bxe3 g3 42. Qe2 Rb3 43. Re1 Be4 
44. h3 Bd5 45. Qg4 Rxe3 
0-1

[Event "34th Chess Olympiad (men)"]
[Site "Istanbul"]
[Date "2000.11.06"]
[Round "9.46.2"]
[White "Antoniou, Antonis"]
[Black "Mamombe, Kudzanai"]
[WhiteElo "2246"]
[BlackElo "2147"]
[WhiteCountry "CYP"]
[BlackCountry "ZIM"]
[Result "1/2-1/2"]

1. e4 c6 2. d4 d5 3. Nd2 dxe4 4. Nxe4 Nd7 5. Nf3 Ngf6 6. Nxf6+ Nxf6 7. Bc4 e6 
8. Qe2 Bd6 9. Bg5 Qc7 10. O-O-O Nd5 11. g3 h6 12. Bd2 b5 13. Bxd5 cxd5 
14. Qxb5+ Bd7 15. Qa5 Qb7 16. Ne5 Rb8 17. b3 O-O 18. Rhe1 Rfc8 19. Nxd7 Qxd7 
20. Re3 Rb5 21. Qa4 Qb7 22. Rc3 Rb8 23. Bf4 Bxf4+ 24. gxf4 Rb6 25. Rc5 Qe7 
26. Qa5 Qh4 27. Qd2 Qxh2 28. f5 Qh5 29. fxe6 Rxe6 30. c4 Re2 31. Rxd5 Qg4 
32. Qd3 Rxa2 33. Kb1 Rxf2 34. Rb5 Rxb5 35. cxb5 Qe2 36. Qxe2 Rxe2 37. Rc1 Re7 
38. Rc8+ Kh7 39. Kc2 g5 40. Kd3 g4 41. d5 Kg6 42. Kd4 Kf5 43. d6 Rd7 44. Kd5 g3 
45. Rg8 Kf4 46. Kc6 Rxd6+ 47. Kxd6 h5 48. Rg7 h4 49. Rxf7+ Ke3 50. Re7+ Kf3 
51. Rf7+ Ke3 52. Re7+ Kf3 53. Rf7+ 
1/2-1/2

[Event "34th Chess Olympiad (men)"]
[Site "Istanbul"]
[Date "2000.11.06"]
[Round "9.46.3"]
[White "Kachere, Clever"]
[Black "Clerides, Paraskevas"]
[WhiteElo "2000"]
[BlackElo "2226"]
[WhiteCountry "ZIM"]
[BlackCountry "CYP"]
[Result "0-1"]

1. d4 Nf6 2. c4 g6 3. Nc3 Bg7 4. e4 d6 5. Nf3 O-O 6. Be2 e5 7. O-O Nc6 
8. d5 Ne7 9. b4 Nh5 10. c5 Nf4 11. Bxf4 exf4 12. Rc1 h6 13. Nd2 Kh8 14. Nc4 a6 
15. a4 f5 16. f3 g5 17. a5 h5 18. cxd6 cxd6 19. Nb6 Rb8 20. b5 g4 21. bxa6 bxa6 
22. Na2 Rg8 23. Kh1 Be5 24. Bd3 fxe4 25. Nxc8 gxf3 26. Bxe4 Rxc8 27. Qxf3 Rg5 
28. h4 Rg4 29. Qf2 Rxc1 30. Rxc1 Ng8 31. Kg1 f3 32. Qxf3 Qxh4 33. Bd3 Qh2+ 
34. Kf2 Rf4 35. Be4 Qh4+ 36. Ke2 Rxf3 37. Bxf3 Qa4 38. Nc3 Qa3 
0-1

[Event "34th Chess Olympiad (men)"]
[Site "Istanbul"]
[Date "2000.11.06"]
[Round "9.46.4"]
[White "Papatryfonos, Constantinos"]
[Black "Cochrane, John Miles"]
[WhiteElo "2000"]
[BlackElo "2223"]
[WhiteCountry "CYP"]
[BlackCountry "ZIM"]
[Result "1/2-1/2"]

1. d4 Nf6 2. Nf3 e6 3. Bf4 c5 4. e3 Qb6 5. Nc3 a6 6. Rb1 cxd4 7. Qxd4 Bc5 
8. Qd2 Bb4 9. Qd4 Qxd4 10. Nxd4 d6 11. Nde2 e5 12. Bg3 Ne4 13. a3 Nxc3 
14. Nxc3 Bxc3+ 15. bxc3 Nd7 16. Bc4 Nc5 17. f3 Bd7 18. Bb3 Ke7 19. Ke2 Rhc8 
20. Rhd1 Nxb3 21. Rxb3 b5 22. Be1 Rc4 23. Rb4 Rac8 24. Rdb1 a5 25. Rxc4 Rxc4 
26. Kd3 Ra4 27. Ra1 Bf5+ 28. e4 Bd7 29. Ke2 g6 30. g4 f5 31. gxf5 gxf5 
32. exf5 Bxf5 33. Rb1 Bd7 34. Ra1 Bc6 35. Bd2 Ke6 36. Kf2 Be8 37. Ke2 Rh4 
38. Rh1 Bh5 39. Kf2 Ra4 40. Ra1 Bg6 41. Ra2 Kd5 42. Be1 Kc5 43. Bd2 Bf5 
44. Kg2 Rc4 45. Kf2 Bg6 46. Be3+ Kc6 47. Bd2 Kb6 48. Be3+ Ka6 49. Bd2 Kb7 
50. Rb2 Kc6 51. Ra2 Bf7 52. Ra1 Be6 53. Kg2 Bd5 54. Kf2 Kd7 55. Rb1 Bc6 56. Rg1 
1/2-1/2

[Event "34th Chess Olympiad (men)"]
[Site "Istanbul"]
[Date "2000.11.06"]
[Round "9.47.2"]
[White "Arias, Lemnys"]
[Black "Saavedra, Carlos"]
[WhiteElo "2000"]
[BlackElo "2206"]
[WhiteCountry "ESA"]
[BlackCountry "BOL"]
[Result "1-0"]

1. e4 c5 2. Nf3 d6 3. d4 cxd4 4. Nxd4 Nf6 5. Nc3 a6 6. Rg1 b5 7. g4 Bb7 
8. f3 g6 9. Be3 Bg7 10. Qd2 Nc6 11. O-O-O Rc8 12. g5 Nd7 13. h4 Nce5 14. h5 Nb6 
15. h6 Bf8 16. b3 e6 17. f4 Ned7 18. f5 b4 19. fxe6 bxc3 20. exd7+ Nxd7 
21. Qe1 Bxe4 22. Bh3 d5 23. Kb1 Bd6 24. Qf1 Qe7 25. Bxd7+ Kxd7 26. Qxa6 Qe5 
27. Qb5+ Ke7 28. Nc6+ Rxc6 29. Qxc6 Rb8 30. Rge1 Kf8 31. Rc1 d4 32. Bxd4 Bxc2+ 
33. Rxc2 Qxe1+ 34. Rc1 c2+ 35. Qxc2 Qa5 36. Bg7+ Ke8 37. Qe4+ 
1-0

[Event "34th Chess Olympiad (men)"]
[Site "Istanbul"]
[Date "2000.11.06"]
[Round "9.47.3"]
[White "Ferrufino, Boris"]
[Black "Segura, Javier"]
[WhiteElo "2146"]
[BlackElo "2000"]
[WhiteCountry "BOL"]
[BlackCountry "ESA"]
[Result "0-1"]

1. d4 d5 2. c4 e6 3. Nc3 c6 4. Nf3 dxc4 5. a4 Bb4 6. e3 b5 7. Bd2 Bxc3 
8. Bxc3 Bb7 9. b3 a5 10. bxc4 b4 11. Bb2 Nf6 12. Bd3 O-O 13. e4 c5 14. d5 exd5 
15. exd5 Re8+ 16. Kf1 Nbd7 17. Qd2 Qc7 18. g3 h6 19. Kg2 Ng4 20. Nh4 Nge5 
21. f4 Nxd3 22. Qxd3 Ba6 23. Nf5 f6 24. h4 Nb6 25. Rhc1 Qd7 26. h5 Kf8 
27. Kf2 Bc8 28. g4 Qc7 29. Kf3 Bxf5 30. Qxf5 Qd7 31. Qxd7 Nxd7 32. g5 fxg5 
33. fxg5 Ra6 34. Kg4 Re2 35. Ra2 Rg2+ 36. Kh3 Rxg5 37. Rf1+ Kg8 38. Bc1 Re5 
39. Kg4 Nf6+ 40. Kh3 Rxh5+ 41. Kg2 Ne4 42. Bf4 Rg6+ 43. Kf3 Nc3 44. Rg2 Rh3+ 
45. Rg3 Rhxg3+ 46. Bxg3 Rf6+ 47. Kg2 Rxf1 48. Kxf1 Nxa4 49. Bc7 Kf8 50. Ke2 Nb2 
51. Bxa5 Nxc4 52. Bc7 Ke7 
0-1

[Event "34th Chess Olympiad (men)"]
[Site "Istanbul"]
[Date "2000.11.06"]
[Round "9.47.4"]
[White "Ricando, Chavez"]
[Black "Monroy, Javier"]
[WhiteElo "2111"]
[BlackElo "2000"]
[WhiteCountry "ESA"]
[BlackCountry "BOL"]
[Result "1-0"]

1. g3 Nf6 2. Bg2 g6 3. d3 d5 4. Nf3 Bg7 5. O-O O-O 6. Nc3 b6 7. e4 Bb7 
8. e5 Nfd7 9. e6 fxe6 10. Ng5 Rf6 11. Bh3 Nf8 12. Re1 Bc8 13. Bf4 h6 14. Nf3 a6 
15. Be5 Rf7 16. Bxg7 Rxg7 17. d4 Qd6 18. Ne2 g5 19. Ne5 Nbd7 20. Nxd7 Bxd7 
21. Nc1 c5 22. Nd3 cxd4 23. Ne5 Be8 24. Qxd4 h5 25. Re3 Qc5 26. c3 g4 
27. Bf1 Qxd4 28. cxd4 Rc8 29. Bxa6 Rc2 30. Re2 Rc7 31. Bd3 Nd7 32. Rae1 Nxe5 
33. Rxe5 Bf7 34. Kf1 Kh8 35. R5e2 Rg8 36. Rc2 Rxc2 37. Bxc2 Rc8 38. Bb3 Kg7 
39. Ke2 Kf6 40. Kd2 Rc7 41. Re3 Rc8 42. f4 Rh8 43. Bd1 Bg6 44. Rb3 Bf5 
45. Rb4 b5 46. Rxb5 h4 47. Rb3 hxg3 48. hxg3 Rh2+ 49. Be2 Be4 50. Re3 Bf3 
51. a4 Rg2 52. a5 Bxe2 53. Rxe2 Rxg3 54. a6 Rb3 55. a7 Rxb2+ 56. Kc3 Rxe2 
57. a8=Q Kf5 58. Kd3 Re4 59. Qf8+ Kg6 60. Qxe7 g3 61. Qg5+ Kf7 62. Qxg3 Ke7 
63. f5 exf5 64. Qc7+ Kf6 65. Qd8+ Ke6 66. Qg8+ Kd6 67. Qg6+ Re6 68. Qxf5 Re7 
69. Qf6+ Re6 70. Qd8+ Kc6 71. Qc8+ Kd6 72. Qc5+ Kd7 73. Qxd5+ Rd6 74. Qf7+ Kd8 
75. Kc4 Rd7 76. Qxd7+ Kxd7 77. Kd5 Ke8 78. Kd6 Kd8 79. Ke5 
1-0

[Event "34th Chess Olympiad (men)"]
[Site "Istanbul"]
[Date "2000.11.06"]
[Round "9.48.1"]
[White "Corbin, Philip"]
[Black "Patriarca, Luis"]
[WhiteElo "2228"]
[BlackElo "2307"]
[WhiteCountry "BAR"]
[BlackCountry "PAR"]
[Result "0-1"]

1. e4 c6 2. d4 d5 3. Nc3 dxe4 4. Nxe4 Nd7 5. Nf3 Ngf6 6. Ng3 e6 7. Bd3 c5 
8. O-O cxd4 9. Nxd4 Nc5 10. Bg5 Be7 11. Bb5+ Bd7 12. Qf3 Bxb5 13. Nxb5 Qb6 
14. c4 a6 15. b4 Ncd7 16. Be3 Qd8 17. Na7 Qb8 18. b5 Rxa7 19. Bxa7 Qxa7 
20. a4 a5 21. Rfe1 O-O 22. Rad1 Bb4 23. Re3 Bc5 24. Re2 Nb6 25. Re5 Nxc4 
26. Re2 Nb6 27. Ne4 Nxe4 28. Rxe4 Nd5 29. Rg4 Rc8 30. h4 Bf8 31. h5 h6 
32. Qh3 Rc2 33. Qg3 Qb6 34. Rdd4 Nc3 35. Rxg7+ Bxg7 36. Qb8+ Kh7 37. Rg4 Qxf2+ 
38. Kh2 Qf5 
0-1

[Event "34th Chess Olympiad (men)"]
[Site "Istanbul"]
[Date "2000.11.06"]
[Round "9.48.2"]
[White "Ferreira, Oscar"]
[Black "Elson, Askari"]
[WhiteElo "2266"]
[BlackElo "2000"]
[WhiteCountry "PAR"]
[BlackCountry "BAR"]
[Result "1-0"]

1. Nf3 Nf6 2. c4 g6 3. Nc3 Bg7 4. e4 d6 5. d4 O-O 6. h3 e5 7. d5 Nbd7 8. Bg5 a5 
9. Bd3 Nc5 10. Bc2 c6 11. O-O Qc7 12. a3 Re8 13. Rb1 h6 14. Be3 cxd5 
15. cxd5 Bd7 16. Qd2 Kh7 17. b4 axb4 18. axb4 Na4 19. Bxa4 Bxa4 20. Rfc1 Qd7 
21. b5 Qd8 22. Rb4 
1-0

[Event "34th Chess Olympiad (men)"]
[Site "Istanbul"]
[Date "2000.11.06"]
[Round "9.48.3"]
[White "Taitt, Junior"]
[Black "Sosa, Harrison Jorge"]
[WhiteElo "2000"]
[BlackElo "2256"]
[WhiteCountry "BAR"]
[BlackCountry "PAR"]
[Result "1/2-1/2"]

1. d4 Nf6 2. c4 e6 3. Nc3 d5 4. Bg5 Be7 5. e3 c6 6. cxd5 exd5 7. Qc2 h6 
8. Bh4 O-O 9. Nf3 Be6 10. Bd3 Nbd7 11. Rb1 Rc8 12. b4 Ne8 13. Bxe7 Qxe7 
14. O-O Nd6 15. a4 Bg4 16. Ne1 Kh8 17. g3 Nb6 18. Ng2 Nbc4 19. Qa2 Qf6 
20. b5 Bf5 21. e4 Qxd4 22. Bxc4 dxc4 23. exf5 Qxc3 24. Rfd1 
1/2-1/2

[Event "34th Chess Olympiad (men)"]
[Site "Istanbul"]
[Date "2000.11.06"]
[Round "9.48.4"]
[White "Cubas, Jose Fernando"]
[Black "Pryce, Olaudah"]
[WhiteElo "2247"]
[BlackElo "2000"]
[WhiteCountry "PAR"]
[BlackCountry "BAR"]
[Result "1-0"]

1. e4 c5 2. Nf3 d6 3. d4 cxd4 4. Nxd4 Nf6 5. Nc3 a6 6. Be3 Nc6 7. Be2 e6 
8. g4 h6 9. Rg1 Be7 10. Qd2 d5 11. exd5 Nxd5 12. Nxd5 Qxd5 13. Bf3 Qd7 
14. Nxc6 bxc6 15. Qc3 Bf6 16. Qxc6 Rb8 17. Rd1 Qxc6 18. Bxc6+ Kf8 19. b3 g6 
20. Ba7 Rb7 21. Bxb7 Bxb7 22. c4 Kg7 23. Rd7 Bf3 24. Rg3 Be4 25. Re3 Bb1 
26. Bd4 Bxa2 27. Bxf6+ Kxf6 28. Rd2 Bb1 29. Rb2 
1-0

[Event "34th Chess Olympiad (men)"]
[Site "Istanbul"]
[Date "2000.11.06"]
[Round "9.49.1"]
[White "Cave, Christo"]
[Black "Williams, Leighton"]
[WhiteElo "2296"]
[BlackElo "2317"]
[WhiteCountry "TRI"]
[BlackCountry "WLS"]
[Result "0-1"]

1. e4 c5 2. Nf3 e6 3. d4 cxd4 4. Nxd4 Qb6 5. Nb3 Qc7 6. Nc3 a6 7. Be3 b5 
8. a3 Nf6 9. f4 d6 10. Be2 Bb7 11. Bf3 Nbd7 12. O-O e5 13. f5 h5 14. h3 h4 
15. Qe2 Be7 16. Rfd1 Rc8 17. Rd2 Nb6 18. Na5 Ba8 19. Rad1 Na4 20. Nxa4 bxa4 
21. Qxa6 O-O 22. Bb6 Qb8 23. Re1 Nd7 24. Bf2 Qxb2 25. Qd3 Rc3 26. Qe2 Rfc8 
27. Rf1 Qxa3 28. Qb5 Nf6 29. Re1 Kh7 30. Rd3 Bd8 31. Nc4 R8xc4 32. Qxc4 Rxc4 
33. Rxa3 Nxe4 34. Rb1 Bc6 35. Rb8 Be7 36. Rc8 d5 37. Ra2 Nc3 38. Ra1 e4 
39. Bh5 Bb5 40. Ra8 Bc5 41. Bxf7 Ne2+ 42. Kf1 Ng3+ 43. Kg1 e3 44. Be1 Rf4 
45. Bg6+ Kh6 46. Ba5 Nxf5 47. Bf7 Kh7 48. Rd8 e2+ 49. Kh2 Rf1 
0-1

[Event "34th Chess Olympiad (men)"]
[Site "Istanbul"]
[Date "2000.11.06"]
[Round "9.49.2"]
[White "Dineley, Richard"]
[Black "Ramsingh, Yogendranath"]
[WhiteElo "2273"]
[BlackElo "2246"]
[WhiteCountry "WLS"]
[BlackCountry "TRI"]
[Result "1-0"]

1. e4 c5 2. Nf3 e6 3. d4 cxd4 4. Nxd4 a6 5. Bd3 Qc7 6. O-O d6 7. c4 Nf6 
8. Nc3 Be7 9. b3 Bd7 10. Bb2 Nc6 11. Nxc6 Bxc6 12. Rc1 Qa5 13. Qe2 O-O 
14. Rfd1 Rfe8 15. Bb1 b5 16. e5 dxe5 17. Qxe5 Qb6 18. cxb5 axb5 19. Ne2 Bf8 
20. Rd4 Nd7 21. Qg3 f5 22. Rd6 Rac8 23. Rcxc6 Rxc6 24. Rxd7 e5 25. Bxf5 Rd6 
26. h3 Rxd7 27. Bxd7 Rd8 28. Qg4 Qa7 29. Bxb5 Rd1+ 30. Kh2 Qxf2 31. Bc4+ Kh8 
32. Qe6 
1-0

[Event "34th Chess Olympiad (men)"]
[Site "Istanbul"]
[Date "2000.11.06"]
[Round "9.49.3"]
[White "Merrit, Mario"]
[Black "Varley, Peter"]
[WhiteElo "2159"]
[BlackElo "2257"]
[WhiteCountry "TRI"]
[BlackCountry "WLS"]
[Result "0-1"]

1. c4 Nf6 2. Nc3 d5 3. cxd5 Nxd5 4. g3 Nxc3 5. bxc3 g6 6. Bg2 Bg7 7. Rb1 c6 
8. h4 Qa5 9. Qb3 Nd7 10. Qa3 Qxa3 11. Bxa3 Nb6 12. Bc5 Be6 13. Nh3 Kd7 
14. a4 Kc7 15. Bxe7 Nxa4 16. Ng5 Ba2 17. Rb4 Nxc3 18. dxc3 Bxc3+ 19. Kf1 Bxb4 
20. Bxb4 a5 21. Bc3 Rhd8 22. Be5+ Kb6 23. Bf3 Rd1+ 24. Kg2 Rxh1 25. Kxh1 a4 
26. Nxh7 a3 27. Nf6 Be6 28. Ne4 Rd8 
0-1

[Event "34th Chess Olympiad (men)"]
[Site "Istanbul"]
[Date "2000.11.06"]
[Round "9.49.4"]
[White "Jones, Richard S"]
[Black "Harper, Ryan"]
[WhiteElo "2114"]
[BlackElo "2122"]
[WhiteCountry "WLS"]
[BlackCountry "TRI"]
[Result "1-0"]

1. e4 c5 2. Nc3 Nc6 3. g3 e6 4. Bg2 Nge7 5. d3 g6 6. Be3 Nd4 7. Qd2 Bg7 
8. Nd1 d6 9. c3 Ndc6 10. Bh6 Bxh6 11. Qxh6 Ng8 12. Qd2 Nf6 13. f4 O-O 
14. Ne3 d5 15. e5 Nd7 16. Ne2 b5 17. c4 Nd4 18. cxd5 Bb7 19. Nxd4 cxd4 
20. Nc2 exd5 21. Nxd4 Qb6 22. Qe3 Nc5 23. O-O Ne6 24. Nc2 d4 25. Qf2 Bxg2 
26. Qxg2 a5 27. Na3 Rac8 28. Rac1 Rc5 29. Rxc5 Qxc5 30. Qb7 Nc7 31. Rf2 Qc1+ 
32. Kg2 b4 33. Nc4 Ne6 34. Qf3 Qb1 35. b3 Nc5 36. Rd2 a4 37. bxa4 Nxa4 
38. Qf2 Rd8 39. Nd6 Qc1 40. g4 Qc6+ 41. Kg3 Qd5 42. Ne4 Qe6 43. Kf3 Qd5 
44. Kg3 Qe6 45. Qg2 Nc3 46. Nf6+ Kg7 47. h4 Nd5 48. Nxd5 Rxd5 49. Qe4 Rd8 
50. f5 Qb6 51. Re2 Re8 52. Qf4 Qc5 53. h5 Qb6 54. fxg6 fxg6 55. Qf6+ Qxf6 
56. exf6+ Kf7 57. Rxe8 Kxe8 58. hxg6 hxg6 59. Kf4 Kf8 60. g5 
1-0

[Event "34th Chess Olympiad (men)"]
[Site "Istanbul"]
[Date "2000.11.06"]
[Round "9.50.1"]
[White "Nsubuga, Grace"]
[Black "Wijesurija, G Laxman"]
[WhiteElo "2259"]
[BlackElo "2160"]
[WhiteCountry "UGA"]
[BlackCountry "SRI"]
[Result "1/2-1/2"]

1. e4 Nf6 2. e5 Nd5 3. c4 Nb6 4. d4 d6 5. f4 dxe5 6. fxe5 c5 7. d5 e6 
8. Nc3 exd5 9. cxd5 c4 10. Nf3 Bb4 11. Bxc4 Bxc3+ 12. bxc3 Nxc4 13. Qa4+ Nd7 
14. Qxc4 Nb6 15. Qb5+ Qd7 16. Qxd7+ Bxd7 17. d6 Rc8 18. Bd2 Nc4 19. O-O-O O-O 
20. Bg5 Rc5 21. Be7 Rfc8 22. Rhe1 b5 23. Rd3 a5 24. a3 b4 25. axb4 axb4 
26. cxb4 Nxe5+ 27. bxc5 Nxd3+ 28. Kd2 Nxe1 29. Ne5 Bb5 30. c6 Rxc6 
31. Nxc6 Bxc6 32. Kxe1 f6 
1/2-1/2